Marvel rivals : Capacité ultime - Statistiques

Statistiques générales
  • Ce quiz a été pris 106 fois
  • Le résultat moyen est 29 sur 37
Statistiques - réponses
Hint Réponse % Correct
C'est Jeff ! Jeff the land shark
94%
Dieu de la foudre Thor
91%
Vision du chasseur Hawkeye
89%
Descente de Bast Black Panther
87%
Ouragan oméga Storm
87%
Oeil d'Agamotto Doctor Strange
86%
Déesse de la mort Hela
86%
Explosion électro-plasmique Black Widow
84%
Chi vivant Iron Fist
84%
Résurrection karmique Adam Warlock
81%
Banner chétif / Hulk Smash / Brise-Monde Bruce Banner
81%
Dieu espiègle Loki
81%
Darkchild Magik
81%
Légende galactique Star-Lord
81%
Météore M Magneto
80%
Main de Khonshu Moon Knight
80%
Tsunami d'écureuils imbattable Squirrel Girl
80%
Charge de la liberté Captain America
78%
Frontière invisible Invisible Woman
78%
Corne de Protéus Namor
77%
Rotation spectaculaire Spider-Man
77%
Jugement dernier The Punisher
77%
Canon à impulsion invincible Iron Man
76%
Danse du papillon Psylocke
76%
Résurgence spirituelle Mantis
73%
Ça va chauffer The Thing
73%
Supernova Human Torch
72%
Choc du kraken Winter Soldier
72%
Prison étouffante Groot
71%
Balayage arachnéen Peni Parker
71%
A. F. C. Rocket Raccoon
70%
Festin de l'abysse Venom
70%
Lien éternel Cloak & Dagger
68%
Effacement de la réalité Scarlet Witch
68%
Destin de deux mondes Luna Snow
66%
Rebond cérébral Mister Fantastic
62%
Baroud d'honneur Wolverine
57%
Aucun quiz correspondant
Distribution des résultats
% des personnes avec chaque résultat
Percentile par nombre de réponses
Votre historique - résultats
Vous n’avez pas pris ce quiz